000
00284nam a22001217a 4500
040
_c
HS
082
_a
338 GER 1983 C089
100
_a
GERALD M. MEIER
245
_a
Pricing policy for development management
260
_a
Lodon
_b
GERALD M. MEIER
_c
1983
300
_a
264p;
942
_c
EK
999
_c
11152
_d
11152